000 00377nam a22001697a 4500
003 OSt
008 240323b |||||||| |||| 00| 0 eng d
020 _a9789332558540
082 _a150 BAP
100 _aBARON,Robert A
245 _aPsychology
250 _a5th Ed
260 _aNew Delhi
_bPearson
_c2023
300 _a646
700 _aMISRA,Girishwar
942 _2ddc
_cREF
999 _c12255
_d12255